000 00719cam a2200169 4500500
005 20251012023206.0
041 _afre
042 _adc
100 1 0 _aDebonneville, Julien
_eauthor
700 1 0 _a Rosenstein, Emilie
_eauthor
700 1 0 _a Duvoisin, Aline
_eauthor
245 0 0 _aDe l’expérience individuelle à l’expertise collective : défis et enjeux d’une évaluation participative dans la lutte contre le non-recours aux prestations sociales
260 _c2025.
500 _a80
786 0 _nRevue française des affaires sociales | 251 | 1 | 2025-05-21 | p. 49-66 | 0035-2985
856 4 1 _uhttps://shs.cairn.info/revue-francaise-des-affaires-sociales-2025-1-page-49?lang=fr&redirect-ssocas=7080
999 _c1541556
_d1541556